all capitals that start with A - Statistics

General Stats
  • This quiz has been taken 29 times
  • The average score is 6 of 13
Answer Stats
continent Answer % Correct
asia/europe ankara
81%
south america asuncion
73%
africa algiers
62%
europe andorra la vella
62%
africa accra
58%
asia amman
46%
oceania apia
46%
africa asmara
46%
africa antananarivo‎
35%
africa abuja
31%
africa addis abeba
12%
asia abu dabhi
0%
asia asjchabad‎
0%
No matching quizzes found
Score Distribution
Percent of People with Each Score
Percentile by Number Answered
Your Score History
You have not taken this quiz